Histoire du peuple suisse / (Record no. 48304)

MARC details
000 -LEADER
campo de control de longitud fija 00774nam a2200217 i 4500
001 - NÚMERO DE CONTROL
campo de control 48304
003 - IDENTIFICADOR DE NÚMERO DE CONTROL
campo de control ES-MaACL
005 - FECHA Y HORA DE LA ÚLTIMA TRANSACCIÓN
campo de control 20230906161730.0
007 - CAMPO FIJO DE DESCRIPCIÓN FÍSICA--INFORMACIÓN GENERAL
campo de control de longitud fija t|
008 - DATOS DE LONGITUD FIJA--INFORMACIÓN GENERAL
campo de control de longitud fija 950712s1879 fr ap ||||1| fre d
040 ## - FUENTE DE CATALOGACIÓN
Centro catalogador/agencia de origen CAM
Lengua de catalogación spa
Centro/agencia transcriptor CAM
100 1# - ENTRADA PRINCIPAL--NOMBRE DE PERSONA
Nombre de persona Daendliker, K.
9 (RLIN) 201313
245 10 - MENCIÓN DEL TÍTULO
Título Histoire du peuple suisse /
Mención de responsabilidad, etc. par le Dr K. Daendliker,... ; traduit de l'allemand, avec l'autorisation de l'auteur, par Mme Jules Favre née Velten ; et précédé d'une introduction de M. Jules Favre.
260 ## - PUBLICACIÓN, DISTRIBUCIÓN, ETC.
Lugar de publicación, distribución, etc. Paris :
Nombre del editor, distribuidor, etc. Germer Baillière,
Fecha de publicación, distribución, etc. 1879.
300 ## - DESCRIPCIÓN FÍSICA
Extensión XL, 335 p., [1] h. de map. pleg. ;
Dimensiones 23 cm.
651 #4 - PUNTO DE ACCESO ADICIONAL DE MATERIA--NOMBRE GEOGRÁFICO
Nombre geográfico Suiza-
Subdivisión general Historia.
9 (RLIN) 9418
700 1# - ENTRADA AGREGADA--NOMBRE PERSONAL
Nombre de persona Favre, Jules.
9 (RLIN) 188234
700 1# - ENTRADA AGREGADA--NOMBRE PERSONAL
Nombre de persona Favre, Jules (Mme.)
9 (RLIN) 201319
852 ## - LOCALIZACIÓN
Ubicación ES-MaACL
Número de control de estantería G-7542
Holdings
Estatus retirado Estado de pérdida Estado de daño No para préstamo Colección Biblioteca de origen Biblioteca actual Ubicación en estantería Fecha de adquisición Fuente de adquisición Total de préstamos Signatura topográfica completa Código de barras Visto por última vez Precio de reemplazo Tipo de ítem Koha
        Libros del s. XIX Biblioteca del Ateneo de Madrid Biblioteca del Ateneo de Madrid Sala Pecera Planta 3 17/01/2008     G-7542 1050836 23/02/2023 23/02/2023 Libro impreso antiguo